La ciudad de la alegría

Na minha lista:
Detalhes bibliográficos
Autor principal: Lapierre, Dominique (Author)
Formato: Livro
Idioma:espanhol
Publicado em: Barcelona Seix Barral 1990
Edição:1a. ed
Assuntos:
Tags: Adicionar Tag
Sem tags, seja o primeiro a adicionar uma tag!

MARC

LEADER 00000cam a2200000 a 4500
001 UCE9791
003 CL-VaPUC
008 151106e19900000sp |||||||||||||||||spa|d
020 |a 8432240036 
082 0 4 |a 843  |b LAP  |2 21 
100 |a Lapierre, Dominique  |e author  |9 588816 
245 1 3 |a La ciudad de la alegría 
250 |a 1a. ed 
300 |a 394 p 
942 |c BK 
945 |d 20151106 14:16:00  |a dcastane 
260 |a Barcelona  |b Seix Barral  |c 1990 
650 0 |a Novela francesa  |9 264985 
650 0 |a Literatura francesa  |9 266330 
583 |a last modification  |c 20151106 14:16:00  |k Rodrigo Vera 
999 |c 361436  |d 361434 
952 |0 0  |1 0  |3 erb  |4 0  |6 843_000000000000000_LAP_1990  |7 0  |8 A  |9 471948  |a BIBEDU  |b BIBEDU  |i 5210267  |o 843 LAP 1990  |p 5210267  |r 2019-11-24  |w 2019-11-24  |y BK  |z Catalogado en:20151106  |k EDU